000 00455nam a22001337a 4500
008 171030b xxu||||| |||| 00| 0 eng d
020 _a978-972-22-2883-1
080 _a347
245 _aResponsabilidade Penal das Sociedades e dos seus Administradores e representantes
_cSilva, Germano Marques da
_hGermano Marques da Silva
260 _aSap Paulo
_bVerbo
_c2008
300 _a499p.
_b
_c
_e
_f
_g
650 _2Responsabilidade Criminal
942 _2udc
_cBK
999 _c41343
_d41343